00720naa#a2200169#i#4500001001600000005001700016011001400033100004100047102000700088200016300095210012800258215001100386608004500397675004000442700005200482856001600534RU\\bibl\12052420260503174140.7##a2500-1825##a20260331b2026####ek#y0rusy0150####ca##aRU1#aСТАНОВЛЕНИЕ ЕСТЕСТВЕННО-НАУЧНОГО КРАЕВЕДЕНИЯ В ОМСКОМ ПРИИРТЫШЬЕeЖурнальная статья1#aКрасноярскcКрасноярский государственный аграрный университетd2026##a12 с.##aЖурнальная статья2local##aВсеобщая история. 94#1aБерезинаgЕлена Сергеевна4#asej.kgau.ru